Sovetskaja ekonomičeskaja kul'tura: nasledije i puti modernizacii.

Tradície a inštitúty, ktoré prekážajú realizácii trhových reforiem na území bývalého ZSSR. Vymedzenie pojmu ekonomická kultúra a jej štruktúra. Úrovne ekonomickej kultúry u J. Pearcea. Charakteristika troch vrstiev sovietskej ekonomickej kultúry: štátno-občinová tradícia, štátno-komunistická tradíci...

Descrizione completa

Salvato in:
Dettagli Bibliografici
Autore principale: Kuz'minov, Ja
Natura: Capitolo di libro
Lingua:russo
Soggetti:
Tags: Aggiungi Tag
Nessun Tag, puoi essere il primo ad aggiungerne!!

MARC

LEADER 00000naa a2200000 4500
001 r009382
005 20221130113332.4
041 0 |a rus 
044 |a [SU] 
245 1 0 |a Sovetskaja ekonomičeskaja kul'tura: nasledije i puti modernizacii.  |c Ja. Kuz'minov 
520 |a Tradície a inštitúty, ktoré prekážajú realizácii trhových reforiem na území bývalého ZSSR. Vymedzenie pojmu ekonomická kultúra a jej štruktúra. Úrovne ekonomickej kultúry u J. Pearcea. Charakteristika troch vrstiev sovietskej ekonomickej kultúry: štátno-občinová tradícia, štátno-komunistická tradícia a národná trhová tradícia. Regionálne zvláštnosti: slovanský, baltský a moslimský typ. Metódy zmeny ekonomickej kultúry, inštitúcií a organizačných foriem. 
610 2 0 |a ekonómia 
610 2 0 |a kultúra 
610 2 0 |a dejiny hospodárske 
610 2 0 |a ZSSR 
610 2 0 |a reformy hospodárske 
610 2 0 |a trh 
610 2 0 |a modernizácia 
610 2 0 |a dejiny myslenia ekonomického 
610 2 0 |a etika 
100 1 |a Kuz'minov, Ja.